Errate die 50 Länder (ٍSchwer) - Statistiken

Allgemein
  • Dieses Quiz wurde 177 mal gespielt
  • Das Durchschnittsergebnis liegt bei 40 aus 50
Antwortstatistiken
Bildquiz Antwort % Korrekt
Libanon
98%
Irak
94%
Tunesien
92%
Monaco
91%
Zypern
91%
Elfenbeinküste
90%
Sri Lanka
90%
Vatikan Stadt
90%
Panama
89%
Indonesien
87%
Kenia
87%
Nepal
87%
Malaysia
86%
San Marino
86%
Bhutan
85%
Jordanien
85%
Singapur
85%
Usbekistan
85%
Angola
84%
Oman
84%
Bangladesch
83%
Costa Rica
83%
Moldawien
83%
Andorra
82%
Jemen
82%
Bahrain
80%
Guatemala
79%
Lesotho
79%
Uganda
79%
Somalia
78%
Liberia
77%
Tschad
77%
Turkmenistan
77%
Mali
76%
Niger
76%
Tansania
76%
Malediven
75%
Brunei
74%
Kuwait
73%
Trinidad und Tobago
73%
Burundi
72%
Gabun
71%
Libyen
71%
Myanmmar
71%
Sudan
71%
El Salvador
70%
Südsudan
69%
Tuvalu
67%
Guyana
62%
Timor Letse
4%
Keine übereinstimmenden Quizze gefunden
Verteilung der Resultate
Anzahl Personen mit jedem Resultat
Perzentil nach korrekt beantworteten Fragen
Ihre Resultats-Entwicklung
Sie haben dieses Quiz noch nicht gespielt